| 000 | 01042cam a2200277 4500 | ||
|---|---|---|---|
| 001 | 18191 | ||
| 003 | BD-RjUL | ||
| 005 | 20211209000241.0 | ||
| 008 | 140219s1968 nju b 001 0 eng | ||
| 035 | _a(BD-RjUL)18249 | ||
| 040 |
_aDLC _cDLC _dDLC _dBD-RjUL _beng |
||
| 041 | _aeng | ||
| 082 | 0 | 0 |
_a820.9008 _bLEJ 1968 |
| 100 | 1 |
_aLester, John A. _q(John Ashby), _d1915- _956007 |
|
| 245 | 1 | 0 |
_aJourney through despair, 1880-1914 : _bTransformations in British literary culture / _cby John A. Lester, Jr. |
| 260 |
_aPrinceton, N.J. : _bPrinceton University Press, _c1968. |
||
| 300 |
_axxiii, 211 p. ; _c23 cm. |
||
| 504 | _aIncludes bibliographical references and index. | ||
| 650 | 0 |
_aEnglish literature _y19th century _xHistory and criticism. _93006 |
|
| 650 | 0 |
_aEnglish literature _y20th century _xHistory and criticism. _955220 |
|
| 651 | 0 |
_aGreat Britain _xIntellectual life _y19th century. _956008 |
|
| 651 | 0 |
_aGreat Britain _xIntellectual life _y20th century. _956009 |
|
| 942 |
_2ddc _cBK |
||
| 999 |
_c18191 _d18191 |
||